00358nam a2200121 a 450000100030000000300050000300500170000800800410002504000260006610000210009224500730011326000500018649CDMR20130116135150.0130130s2006||||||||||||||||||||||||||||d aCDMRbcatcCPC LLEIDA1 aMorata, Francesc10a20 anys de Catalunya a la Unió Europea 1986-2006cMORATA, Francesc aBarcelonac2006bPatronat Català Pro Europa